000 00600nam a22002057a 4500
999 _c172891
_d172891
005 20200214130920.0
008 080922t xxu||||| |||| 00| 0 eng d
010 _aENG-127840
020 _c600.00
035 _aEN-111372
037 _bDBAD / PUB
040 _bEnglish
082 _a920
100 _aGupta,M.C
245 _aGreat leaders of BJP/
_cby M.C.Gupta
260 _aDelhi
_bLaxmi book house
_c2019
270 _a528/2-K/1-A,1st floor,plot No-15.Gali No.-05,Vishwas Nagar,Shahdara
_bDelhi
_e110032
300 _a192p.
_c22cm(hb)
942 _2ddc
_cEN
_mGUP
_h920